000
00186 a2200097 4500
020
_a
9789584517517
041
_a
spa
100
_a
Keiko Kasza
245
_a
Una Cena Elegante
942
_c
BK
999
_c
15216
_d
15216